| 000 | 00991nam a2200253 a 4500 | ||
|---|---|---|---|
| 003 | CBULib | ||
| 005 | 20240812134941.0 | ||
| 008 | 140520s2013 ||||||||||||||||| || u | ||
| 020 | _a9789211128673 | ||
| 040 |
_aCBULib _bEnglish _cCBULib _erda |
||
| 041 | _aeng | ||
| 050 | _aUNCTAD(058)TDR/2013 | ||
| 110 | _aUnited Nations Conference on Trade and Development (UNCTAD) | ||
| 245 | 1 | 0 |
_aTrade and development report, 2013 : adjusting to the changing dynamics of the world economy _c/ by United Nations Conference on Trade and Development (UNCTAD) |
| 260 |
_aNew York : _bUnited Nations, _c2013 |
||
| 300 | _axviii, 149 pages : illustrations | ||
| 336 |
_2rdacontent _aText | _btxt |
||
| 337 |
_2rdamedia _aUnmediated | _bn |
||
| 338 |
_2rdacarrier _aVolume _bnc |
||
| 500 | _aReport by the secretariat of the United Nations Conference on Trade and Development | ||
| 650 | _aTRADE AND DEVELOPMENT | ||
| 942 |
_2mc _c029 |
||
| 999 |
_c60117 _d60117 |
||